000 01141nam0a22002891 4500
001 rc\3416313
005 20260408083814.0
021 _aRU
_b74-67243
021 _aRU
_bРг10106-74
035 _a(NLR Aleph) 007554675
090 _a5238728
_c5238728
100 _a20130115d1974 |||y0rusy50 ca
101 0 _arus
102 _aRU
105 _aa z |||||
200 1 _aПредварительная оценка снижения прочности бетонов на глиноземистых цементах
210 _aМосква
_cБ. и.
_d1974
215 _a9 с.
_cил.
_d21
225 1 _aVI Международный конгресс по химии цемента. Москва, сентябрь 1974 г. Дополнительные доклады
_vРазд. 3. 3-4
320 _aБиблиогр.: с. 8-9
700 1 _aРеваи
_bМ.
_gМиклош
712 1 2 _aМеждународный конгресс по химии цемента
_d6
_f1974
_eМосква
_3RU\NLR\AUTH\8810172805
_9841453
801 0 _aRU
_bNLR
_gpsbo
801 1 _aRU
_bELAR
_2rusmarc
852 _aNLR
_j74-4/14865
942 _cBOOK
980 _aNB